书目信息 |
| 题名: |
历史名人评述
|
|
| 作者: | 孟和 , 王永杰 主编 | |
| 分册: | ||
| 出版信息: | 呼和浩特 内蒙古人民出版社 2009.06 |
|
| 页数: | 363页 | |
| 开本: | 20cm | |
| 丛书名: | ||
| 单 册: | ||
| 中图分类: | K820 | |
| 科图分类: | ||
| 主题词: | 历史人物--Li Shi Ren Wu--评传--中国 | |
| 电子资源: | ||
| ISBN: | 978-7-204-06715-2 | |
| 000 | 00802nam0 2200229 450 | |
| 001 | CAL 012004027341 | |
| 005 | 20111229173342.20 | |
| 010 | @a978-7-204-06715-2@dCNY39.00 | |
| 100 | @a20110927d2009 em y0chiy0121 ea | |
| 101 | 0 | @achi |
| 102 | @aCN@b150000 | |
| 105 | @ay z 000yd | |
| 200 | 1 | @a历史名人评述@ALi Shi Ming Ren Ping Shu@f主编孟和, 王永杰 |
| 210 | @a呼和浩特@c内蒙古人民出版社@d2009.06 | |
| 215 | @a363页@d20cm | |
| 330 | @a本书是系统地介绍中华历史名人思想精华及事迹的书。按历史发展顺序及人物的出生年代, 全书共撰写了从春秋战国至孙中山为止93位杰出人物。 | |
| 606 | 0 | @a历史人物@ALi Shi Ren Wu@x评传@y中国 |
| 690 | @aK820@v5 | |
| 701 | 0 | @a孟和@AMeng He@4主编 |
| 701 | 0 | @a王永杰@AWang Yong Jie@4主编 |
| 801 | 0 | @aCN@bHNDDDT@c20111229 |
| 905 | @a郑州市财税学校图书馆@dK820@eM586@f3 | |
| 历史名人评述/主编孟和, 王永杰.-呼和浩特:内蒙古人民出版社,2009.06 |
| 363页;20cm |
| ISBN 978-7-204-06715-2:CNY39.00 |
| 本书是系统地介绍中华历史名人思想精华及事迹的书。按历史发展顺序及人物的出生年代, 全书共撰写了从春秋战国至孙中山为止93位杰出人物。 |
| ● |
| 相关链接 |
|
|
|
正题名:历史名人评述
索取号:K820/M586
 
预约/预借
| 序号 | 登录号 | 条形码 | 馆藏地/架位号 | 状态 | 备注 |
| 1 | 1187170 | 211871704 | 社科库309/309社科库 44排3列5层/ [索取号:K820/M586] | 在馆 | |
| 2 | 1187171 | 211871713 | 社科库309/309社科库 44排3列5层/ [索取号:K820/M586] | 在馆 | |
| 3 | 1187172 | 211871722 | 社科库309/309社科库 44排3列5层/ [索取号:K820/M586] | 在馆 |